[Event "Poznan op 27th"]
[Site "Poznan"]
[Date "2019.08.25"]
[Round "9"]
[White "Szafranski, Maciej"]
[Black "Cichon, Ludwik"]
[Result "1-0"]
[WhiteElo "1393"]
[BlackElo "1192"]
[PlyCount "151"]
[EventDate "2019.08.18"]
[EventType "swiss"]
[EventRounds "9"]
[EventCountry "POL"]
[SourceTitle "EXT 2020"]
[Source "ChessBase"]
[SourceDate "2019.10.17"]
[SourceVersion "1"]
[SourceVersionDate "2019.10.17"]
[SourceQuality "1"]

1. e4 e5 2. Nf3 Nc6 3. Bb5 d6 4. Bxc6+ bxc6 5. h3 Be7 6. 0-0 Nf6 7. Re1 0-0 8. c3 c5 9. d4 cxd4 10. cxd4 exd4 11. Nxd4 Bb7 12. Nc3 Nd7 13. Nf5 Bf6 14. Qc2 a6 15. Be3 g6 16. Nh6+ Kg7 17. Ng4 Bg5 18. f4 Be7 19. f5 h5 20. Bh6+ Kg8 21. Bxf8 Qxf8 22. Nf2 gxf5 23. exf5 Bh4 24. Re2 Qg7 25. Nfe4 Ne5 26. Rf1 Nc6 27. Qd3 Ne5 28. Qd1 a5 29. Rf4 Bg5 30. Nxg5 Qxg5 31. Qd2 Qg7 32. f6 Qg6 33. Nd5 Kh8 34. Kh2 Bxd5 35. Qxd5 Rg8 36. Qe4 Qg3+ 37. Kh1 Rg6 38. Rf5 Rh6 39. Qf4 Qg6 40. Qe4 Qg3 41. Rxe5 dxe5 42. Qxe5 Qg6 43. Qxc7 Qxf6 44. Qe5 Kh7 45. Qxf6 Rxf6 46. Re5 Kg6 47. Rxa5 Rf1+ 48. Kh2 Rf2 49. b4 Rb2 50. a3 Rb3 51. b5 h4 52. a4 Rb4 53. Ra6+ Kf5 54. b6 Ke6 55. a5 Kd6 56. b7+ Kc7 57. Rb6 Rxb6 58. axb6+ Kxb7 59. Kg1 Kxb6 60. Kf2 Kc6 61. Kf3 Kd6 62. Kg4 Ke6 63. Kxh4 Kf6 64. Kg4 Kg6 65. Kf4 Kf6 66. g4 Kg6 67. h4 Kh7 68. Kf5 Kg8 69. Kf6 Kf8 70. h5 Kg8 71. h6 Kh7 72. Kxf7 Kxh6 73. Kf6 Kh7 74. g5 Kh8 75. g6 Kg8 76. g7 1-0

[Event "Poznan op 27th"]
[Site "Poznan"]
[Date "2019.08.18"]
[Round "2"]
[White "Cichon, Ludwik"]
[Black "Krych, Dominik"]
[Result "0-1"]
[WhiteElo "1192"]
[BlackElo "1443"]
[PlyCount "88"]
[EventDate "2019.08.18"]
[EventType "swiss"]
[EventRounds "9"]
[EventCountry "POL"]
[SourceTitle "EXT 2020"]
[Source "ChessBase"]
[SourceDate "2019.10.17"]
[SourceVersion "1"]
[SourceVersionDate "2019.10.17"]
[SourceQuality "1"]

1. e4 e5 2. Nf3 Nc6 3. Nc3 Nf6 4. Bc4 Nxe4 5. Nxe4 d5 6. Bxd5 Qxd5 7. Nc3 Qa5 8. h3 Be6 9. a3 Rd8 10. 0-0 Bc5 11. d3 b5 12. Bd2 Qb6 13. Qe2 Nd4 14. Nxd4 Bxd4 15. Be3 0-0 16. Bxd4 exd4 17. Ne4 Bc8 18. Qd2 f5 19. Ng5 f4 20. Nf3 Bb7 21. Nh2 Qc6 22. f3 Rde8 23. Rfe1 Re3 24. Ng4 Qg6 25. Qf2 h5 26. Nxe3 fxe3 27. Qf1 Rxf3 28. Re2 Rxf1+ 29. Rxf1 Qg3 30. b3 g5 31. a4 g4 32. hxg4 hxg4 33. axb5 Bf3 34. Rfe1 Bxe2 35. Rxe2 Qh4 36. g3 Qxg3+ 37. Rg2 Qf3 38. b6 cxb6 39. Kh2 e2 40. Rg3 Qf2+ 41. Rg2 e1Q 42. Rxf2 Qxf2+ 43. Kh1 g3 44. c3 Qh2# 0-1